Schaum's Outline of Theory and Problems of Introduction to Mathematical Economics / Second Edition (Record no. 2649)
[ view plain ]
| 000 -LEADER | |
|---|---|
| fixed length control field | 01374cam a22002054a 4500 |
| 005 - ΗΜΕΡΟΜΗΝΙΑ ΚΑΙ ΩΡΑ ΤΕΛΕΥΤΑΙΑΣ ΕΝΗΜΕΡΩΣΗΣ | |
| Πεδίο ελέγχου | 20250605164049.0 |
| 008 - FIXED-LENGTH DATA ELEMENTS--GENERAL INFORMATION | |
| Πεδίο ελέγχου σταθερού μήκους | 250528s ||||||||||||||||||||||||d |
| 035 ## - SYSTEM CONTROL NUMBER | |
| System control number | 17216 |
| 020 ## - ISBN | |
| ISBN | 70176744 |
| 040 ## - ΠΗΓΗ ΚΑΤΑΛΟΓΟΓΡΑΦΗΣΗΣ | |
| Φορέας πρωτότυπης καταλογογράφησης | MC Athens Campus Library |
| Γλώσσα καταλογογράφησης | Ελληνικά, Μοντέρνα (1453-) |
| Modifying agency | MC Athens Campus Library |
| Κανόνες περιγραφικής καταλογογράφησης | AACR2 |
| 245 1# - ΤΙΤΛΟΣ ΚΑΙ ΔΗΛΩΣΗ ΥΠΕΥΘΥΝΟΤΗΤΑΣ | |
| Τίτλος | Schaum's Outline of Theory and Problems of Introduction to Mathematical Economics / Second Edition |
| 250 ## - EDITION STATEMENT | |
| Edition statement | 2nd |
| 260 ## - PUBLICATION, DISTRIBUTION, ETC. | |
| Name of publisher, distributor, etc. | Mcgraw Hill, Inc, |
| Date of publication, distribution, etc. | 1992 |
| 300 ## - PHYSICAL DESCRIPTION | |
| Extent | 486 |
| 520 ## - SUMMARY, ETC. | |
| Summary, etc. | Review, Economic Applications of Graphs and Equations, The Derivative and the Rules of Differentiation, Uses of the Derivative in Mathematics and Economics, Calculus of Multivariable Functions in Economics, Exponential and Logarithmic Functions, Exponential and Logarithmic Functions in Economics, Differentiation of Exponential and Logarithmic Functions, The Fundamentals of Linear (or Matrix) Algebra, Matrix Inversion, Special Determinants and Matrices and Their Use in Economics, Linear Programming: A Graphic Approach, Linear Programming: The Simplex Algorithm, Linear Programming: The Dual, Integral Calculus: The Indefinite Integral, Integral Calculus: The Definiti Integral, Differential Equations, Difference Equations, Second-Order Differential Equations and Difference Equations, The Calculus of Variations, Index. |
| 700 1# - ΠΡΟΣΘΕΤΗ ΑΝΑΓΡΑΦΗ--ΦΥΣΙΚΟ ΠΡΟΣΩΠΟ | |
| Personal name | Dowling Edward T |
| 9 (RLIN) | 3381 |
| 942 ## - ADDED ENTRY ELEMENTS (KOHA) | |
| Koha item type | Books |
| Τύπος τεκμηρίου | Βιβλιοθήκη | Τρέχουσα τοποθεσία | Barcode | Αριθμός εισαγωγής | Ημερομηνία απόκτησης | Ταξιθετικό σύμβολο | Αριθμός αντιτύπου | Κατάσταση απόσυρσης | Κατάσταση χαμένου | Κατάσταση κατεστραμμένου | Μη δανεισμός | Σύνολο δανεισμών | Ημερομηνία τελευταίας εμφάνισης | Η τιμή ισχύει από |
|---|---|---|---|---|---|---|---|---|---|---|---|---|---|---|
| Books | MC Athens Campus Library | MC Athens Campus Library | 9780000026484 | 8799 | 05/06/2025 | 510/.2433 DOW | 1 | 05/06/2025 | 05/06/2025 |